| 000 | 00958nam a2200217 i 4500 | ||
|---|---|---|---|
| 001 | 145724 | ||
| 003 | ES-MaACL | ||
| 005 | 20231206063246.0 | ||
| 007 | t| | ||
| 008 | 071016m19291933sp ||||1| spa d | ||
| 100 | 1 |
_aVera, Francisco, _d1888-1967 _9113943 |
|
| 245 | 1 | 0 |
_aHistoria de la matemática en España / _cpor Francisco Vera. |
| 260 |
_aMadrid : _bVictoriano Suárez, _c1929-1933 ( _fImp. Ramona Velasco Góngora) |
||
| 300 |
_a4 v. ; _c16 cm. |
||
| 490 | 1 | _aBiblioteca española de divulgación científica | |
| 505 | 8 | _aContiene: 1. Tiempos primitivos (hasta el siglo XIII) 2. Los precursores dle Renacimiento (siglos XIII, XIV y XV) 3. Árabes y judíos. Primera parte (siglos VIII-XI) 4. Árabes y judíos. Segunda parte (siglos XII-XVI) | |
| 650 | 1 | 4 |
_aMatemáticas- _zEspaña- _vHistoria. _914823 |
| 830 | 0 |
_aBiblioteca española de divulgación científica _9182306 |
|
| 852 |
_aES-MaACL _jB-13277-80 |
||
| 999 |
_c145724 _d145724 |
||